Road conditions and traffic safety (Record no. 24132)

MARC details
000 -LEADER
fixed length control field 00265nam a2200109Ia 4500
082 ## - DEWEY DECIMAL CLASSIFICATION NUMBER
Classification number 656
Item number BAG
100 ## - MAIN ENTRY--AUTHOR NAME
Personal name Babkov, V F
245 #0 - TITLE STATEMENT
Title Road conditions and traffic safety
260 ## - PUBLICATION, DISTRIBUTION, ETC. (IMPRINT)
Place of publication Moscow
Name of publisher Mir
Year of publication 1975
942 ## - ADDED ENTRY ELEMENTS (KOHA)
Koha item type Books
Holdings
Withdrawn status Lost status Damaged status Not for loan Home library Current library Date acquired Cost, normal purchase price Full call number Accession Number Koha item type
        RRII Library RRII Library 16/12/2021 9.00 656 BAG 04818 Books